[Event "Ì17Ï"]
[Site "Loo"]
[Date "2017.04.21"]
[Round "2.9"]
[White "Ïåòðåíêî, Êèðèëë."]
[Black "Óñàíèí, Ìèõàèë."]
[Result "1/2-1/2"]
[WhiteElo "1999"]
[BlackElo "1907"]
[PlyCount "109"]
[EventDate "2017.04.20"]

1. d4 Nf6 2. c4 e6 3. g3 Bb4+ 4. Bd2 Be7 5. Bg2 d5 6. Nf3 O-O 7. O-O c6 8. Qc2
Nbd7 9. Rd1 b6 10. b3 Ba6 11. Bc1 Rc8 12. Bb2 Qc7 13. Nbd2 dxc4 14. Nxc4 c5 15.
dxc5 Bxc5 16. e3 Bb7 17. Nce5 Nxe5 18. Bxe5 Qe7 19. Qb2 Rfd8 20. Bxf6 Qxf6 21.
Qxf6 gxf6 22. Ne1 Ba6 23. Bf1 Bxf1 24. Kxf1 Ba3 25. Ke2 Kf8 26. Rxd8+ Rxd8 27.
Nc2 Bb2 28. Rb1 Bc3 29. Rd1 Rxd1 30. Kxd1 f5 31. Ke2 Ke7 32. Kd3 Be5 33. Kc4
Kd7 34. Kb5 Kc7 35. Ka6 Kb8 36. Nd4 Bxd4 37. exd4 h5 38. a4 Ka8 39. h4 Kb8 40.
b4 Ka8 41. a5 bxa5 42. bxa5 Kb8 43. Kb5 Kb7 44. a6+ Kc7 45. Kc5 Kd7 46. d5 Ke7
47. dxe6 fxe6 48. Kd4 Kd6 49. f4 e5+ 50. fxe5+ Ke6 51. Kc5 Kxe5 52. Kc6 Ke6 53.
Kb7 Kd7 54. Kxa7 Kc7 55. Ka8 1/2-1/2

[Event "Ì17Ï"]
[Site "Loo"]
[Date "2017.04.21"]
[Round "2.10"]
[White "ßíãóòîâ, Àëåêñåé."]
[Black "Àïïàíîâ, Àðòåì."]
[Result "0-1"]
[WhiteElo "1883"]
[BlackElo "1992"]
[PlyCount "64"]
[EventDate "2017.04.20"]

1. d4 d5 2. c4 c6 3. Nf3 Nf6 4. Nc3 dxc4 5. e3 b5 6. a4 b4 7. Na2 e6 8. Bxc4
Be7 9. O-O O-O 10. Bd2 a5 11. Qc2 Nbd7 12. Nc1 Bb7 13. e4 c5 14. e5 Nd5 15. Ne2
Rc8 16. Bd3 h6 17. b3 cxd4 18. Qb2 Nc5 19. Qxd4 Nb6 20. Bc2 Ncxa4 21. Rfc1 Bxf3
22. gxf3 Qxd4 23. Nxd4 Rfd8 24. Be3 Nc3 25. Kf1 Bc5 26. Ne2 Bxe3 27. fxe3 Rd2
28. Nd4 Rxh2 29. Kg1 Rd2 30. Kf1 Nbd5 31. Rxa5 Nxe3+ 32. Kg1 Rxd4 0-1

[Event "Ì17Ï"]
[Site "Loo"]
[Date "2017.04.21"]
[Round "2.11"]
[White "Çèñèí, Îëåã."]
[Black "Ëàïòåâ, Òèìîôåé."]
[Result "0-1"]
[WhiteElo "1988"]
[BlackElo "1870"]
[PlyCount "63"]
[EventDate "2017.04.20"]

1. e4 e5 2. Nf3 Nc6 3. d4 exd4 4. Bc4 Nf6 5. O-O Bc5 6. e5 d5 7. exf6 dxc4 8.
Re1+ Be6 9. Ng5 Qd5 10. Nc3 Qf5 11. Nce4 Bd6 12. fxg7 Rg8 13. g4 Qe5 14. f4
Qxg7 15. f5 Ne5 16. fxe6 f6 17. Nxd6+ cxd6 18. Ne4 Qxg4+ 19. Qxg4 Rxg4+ 20. Kh1
Ke7 21. Ng3 Rag8 22. Rf1 Kxe6 23. Bf4 d3 24. Rae1 dxc2 25. Re2 Rxf4 26. Rc1 Rd4
27. Rcxc2 Rd1+ 28. Kg2 a5 29. a3 h5 30. Kh3 h4 31. Kxh4 Rh8+ 32. Nh5 0-1

[Event "Ì17Ï"]
[Site "Loo"]
[Date "2017.04.21"]
[Round "2.12"]
[White "Íàòàðîâ, Èëüÿ."]
[Black "Òÿòþøêèí, Äàíèë."]
[Result "1/2-1/2"]
[WhiteElo "1829"]
[BlackElo "1985"]
[PlyCount "81"]
[EventDate "2017.04.20"]

1. d4 d5 2. c4 e6 3. Nc3 Nf6 4. cxd5 exd5 5. Bg5 c6 6. e3 Bf5 7. Qf3 Bg6 8.
Bxf6 Qxf6 9. Qxf6 gxf6 10. Nf3 h6 11. Nh4 Bh7 12. Rd1 Bd6 13. Bd3 Nd7 14. Bxh7
Rxh7 15. Nf5 Bc7 16. O-O O-O-O 17. Rfe1 Nb6 18. e4 dxe4 19. Rxe4 Nc4 20. Re2
Nd6 21. Nxd6+ Bxd6 22. Ne4 Be5 23. Red2 Bf4 24. Rd3 f5 25. Ng3 Bxg3 26. hxg3
Rd5 27. Kf1 Rg7 28. Rf3 Kd7 29. Ke2 Rg6 30. Rf4 Re6+ 31. Kd3 Ke7 32. Rh1 Ra5
33. a3 Rb5 34. b4 a5 35. Rb1 Rg6 36. a4 Rxb4 37. Rxb4 axb4 38. Kc4 Ke6 39. Kxb4
b6 40. Rh4 Kd5 41. Rf4 1/2-1/2

[Event "Ì17Ï"]
[Site "Loo"]
[Date "2017.04.21"]
[Round "2.13"]
[White "Çàõàðîâ, Íèêèòà."]
[Black "Ëèòâèíîâ, Àíòîí."]
[Result "1-0"]
[WhiteElo "1980"]
[BlackElo "1866"]
[PlyCount "69"]
[EventDate "2017.04.20"]

1. d4 d5 2. Bg5 Bf5 3. e3 Nd7 4. c4 c6 5. cxd5 Bxb1 6. Rxb1 Qa5+ 7. b4 Qxd5 8.
Nf3 Ngf6 9. Qc2 Nb6 10. Bd3 h6 11. Bf4 e6 12. O-O Be7 13. b5 O-O 14. bxc6 Qxc6
15. Qxc6 bxc6 16. e4 c5 17. dxc5 Bxc5 18. Rfc1 Rfd8 19. Ba6 Nxe4 20. Bb7 Nxf2
21. Rxc5 Nd3 22. Ra5 Nxf4 23. Bxa8 Nxa8 24. Rxa7 Nd5 25. Rbb7 Nac7 26. Rxc7
Nxc7 27. Rxc7 f6 28. Kf2 Ra8 29. Rc2 e5 30. Nd2 g5 31. g4 Kf7 32. Kf3 Ke6 33.
Ke4 h5 34. gxh5 f5+ 35. Kf3 {äàëåå çàïèñü íåðàçáîð~~èâà} 1-0

[Event "Ì17Ï"]
[Site "Loo"]
[Date "2017.04.21"]
[Round "2.14"]
[White "ßøìåòîâ, Íèêîëàé."]
[Black "Ìóðòàçèí, Ðèôàò."]
[Result "1/2-1/2"]
[WhiteElo "2152"]
[BlackElo "1592"]
[PlyCount "79"]
[EventDate "2017.04.20"]

1. e4 c5 2. Nf3 d6 3. d4 cxd4 4. Nxd4 Nf6 5. Nc3 a6 6. Be3 e6 7. f3 Be7 8. Qd2
Qc7 9. O-O-O Nc6 10. g4 h6 11. h4 b5 12. Bd3 Nd7 13. Qf2 Bb7 14. Kb1 Nce5 15.
g5 hxg5 16. hxg5 O-O-O 17. Qe2 g6 18. f4 Nc4 19. Rxh8 Rxh8 20. Ndxb5 axb5 21.
Nxb5 Nxe3 22. Nxc7 Nxd1 23. Qxd1 Kxc7 24. b4 d5 25. Qe1 Rh3 26. Qc3+ Kd8 27. e5
Ba6 28. b5 Bb7 29. a4 Bc5 30. a5 Rf3 31. Qd2 Rf2 32. Qc1 Rg2 33. Kb2 Bd4+ 34.
Ka3 Rg1 35. Qd2 Ra1+ 36. Kb4 Rb1+ 37. Ka3 Ra1+ 38. Kb4 Rb1+ 39. Ka3 Ra1+ 40.
Kb4 1/2-1/2

[Event "Ì17Ï"]
[Site "Loo"]
[Date "2017.04.21"]
[Round "2.15"]
[White "Ïîëòîðàöêèé, Àëåêñàíäð."]
[Black "Ëåâåíøòåéí, Ìàðê."]
[Result "0-1"]
[WhiteElo "1857"]
[BlackElo "2161"]
[PlyCount "65"]
[EventDate "2017.04.20"]

1. d4 Nf6 2. Nf3 g6 3. c4 Bg7 4. Nc3 O-O 5. e4 d6 6. Be2 e5 7. O-O Nc6 8. dxe5
dxe5 9. Bg5 Qxd1 10. Bxd1 Bg4 11. Ne1 Bxd1 12. Rxd1 Nd4 13. Nd3 Nd7 14. Rd2 c6
15. Be7 Rfe8 16. Bd6 Re6 17. c5 b6 18. Rb1 Rae8 19. b4 f5 20. a4 a6 21. Bc7
bxc5 22. Nxc5 Nxc5 23. bxc5 Bf8 24. Bb6 R6e7 25. Kf1 Rb7 26. a5 Ne6 27. exf5
gxf5 28. Re1 Bh6 29. Red1 Bxd2 30. Rxd2 Nd4 31. Ne2 Nb5 32. Ng3 Rf7 33. Nh5 {
äàëåå çàïèñü íåðàçáîð~~èâà} 0-1

[Event "Ì17Ï"]
[Site "Loo"]
[Date "2017.04.21"]
[Round "2.16"]
[White "Ìàð÷åíêî, Íèêîëàé."]
[Black "Æàôÿðîâ, Àäåëü."]
[Result "1-0"]
[WhiteElo "1862"]
[BlackElo "2111"]
[PlyCount "67"]
[EventDate "2017.04.20"]

1. d4 d5 2. c4 e6 3. Nc3 Nf6 4. cxd5 exd5 5. Bg5 Nbd7 6. e3 c6 7. Bd3 Be7 8.
Qc2 O-O 9. Nge2 Re8 10. O-O Nf8 11. Rae1 Bd7 12. f3 Rc8 13. e4 dxe4 14. fxe4 c5
15. Bxf6 Bxf6 16. e5 Bh4 17. g3 cxd4 18. Nxd4 Bh3 19. Rf4 Bg5 20. Rfe4 Nd7 21.
Nf3 Be7 22. Rf4 g6 23. Bc4 Be6 24. Bxe6 Bc5+ 25. Kg2 Rxe6 26. b4 Bf8 27. Qb3
Qc7 28. Rxf7 Kxf7 29. Ng5+ Kg8 30. Qxe6+ Kh8 31. Nd5 Qc2+ 32. Kh3 Rd8 33. Nf7+
Kg7 34. Nxd8 1-0

[Event "Ì17Ï"]
[Site "Loo"]
[Date "2017.04.21"]
[Round "2.17"]
[White "Íåçíàíîâ, Àëåêñàíäð."]
[Black "Ëåâäàíñêèé, Àëåêñåé."]
[Result "1-0"]
[WhiteElo "2050"]
[BlackElo "1859"]
[PlyCount "139"]
[EventDate "2017.04.20"]

1. c4 c6 2. Nf3 d5 3. e3 Nf6 4. Nc3 e6 5. b3 Nbd7 6. Bb2 Bd6 7. Qc2 O-O 8. Be2
b6 9. d4 Bb7 10. O-O Rc8 11. Rfe1 c5 12. Nb5 Bb8 13. dxc5 Nxc5 14. Red1 a6 15.
Nc3 Qc7 16. cxd5 Nxd5 17. Nxd5 Bxd5 18. Be5 Qb7 19. Bxb8 Nxb3 20. Qb2 Nxa1 21.
Be5 Rc2 22. Qxa1 f6 23. Bd3 Rxa2 24. Qb1 fxe5 25. e4 Ra5 26. exd5 Rxd5 27. Re1
Qf7 28. Bxh7+ Kh8 29. Qxb6 g6 30. Ng5 Qf6 31. Qe3 Rd7 32. g3 Rxh7 33. Nxh7 Kxh7
34. Ra1 Qf3 35. Qxf3 Rxf3 36. Rxa6 Rf6 37. h3 Kg7 38. Ra5 Rf5 39. g4 Rf3 40.
Kg2 e4 41. Re5 Kf6 42. Rxe4 Ra3 43. h4 Rb3 44. Ra4 Rc3 45. Ra5 Rc4 46. Kg3 Rc3+
47. f3 Rc1 48. g5+ Kf7 49. Ra7+ Kf8 50. Rh7 Rc5 51. Kf4 Ra5 52. h5 gxh5 53.
Rxh5 Kg7 54. Rh6 Kf7 55. Rf6+ Ke7 56. Kg4 Ra1 57. Kh5 Rh1+ 58. Kg6 Rg1 59. Rf7+
Kd6 60. Ra7 Rg3 61. f4 Rf3 62. Ra4 Rf1 63. Kf6 e5 64. Ra6+ Kd5 65. Ra5+ Kd6 66.
f5 e4 67. Re5 Rf4 68. g6 Rg4 69. g7 Kd7 70. Rxe4 1-0

[Event "Ì17Ï"]
[Site "Loo"]
[Date "2017.04.21"]
[Round "2.18"]
[White "Êûðíàåâ, Àëåêñåé."]
[Black "Èäèãîâ, Àáóáàêàð."]
[Result "1-0"]
[WhiteElo "2048"]
[BlackElo "1833"]
[PlyCount "85"]
[EventDate "2017.04.20"]

1. e4 c5 2. Nf3 Nc6 3. d4 cxd4 4. Nxd4 d6 5. Nc3 Nf6 6. Be2 g6 7. Be3 Bg7 8.
Qd2 O-O 9. f3 d5 10. Nxc6 bxc6 11. Rd1 e6 12. O-O Nd7 13. Na4 Nb6 14. Qa5 Nxa4
15. Qxa4 Qc7 16. c3 Bb7 17. Bc5 Rfd8 18. Qb4 Be5 19. h3 Bd6 20. Bxd6 Rxd6 21.
e5 Rd7 22. Qd4 c5 23. Qf4 Qb6 24. Rd2 Ba6 25. Rfd1 Bxe2 26. Rxe2 Qa6 27. Qe3
Rad8 28. Red2 Qb6 29. Kh1 d4 30. Qe4 Rd5 31. c4 R5d7 32. b3 a5 33. h4 h5 34.
Kg1 Rb8 35. g4 hxg4 36. fxg4 Kf8 37. Rf2 Ke8 38. Rdf1 Qc7 39. Qxg6 Re7 40. Rxf7
Qxe5 41. Qg8+ Kd7 42. Rxe7+ Kxe7 43. Rf7+ 1-0

[Event "Ì17Ï"]
[Site "Loo"]
[Date "2017.04.21"]
[Round "2.19"]
[White "Ðîâíîâ, Âëàäèñëàâ."]
[Black "Àéðàïåòÿí, Îãàíåñ."]
[Result "1/2-1/2"]
[WhiteElo "2039"]
[BlackElo "1825"]
[PlyCount "96"]
[EventDate "2017.04.20"]

1. d4 d5 2. Nf3 e6 3. g3 Nd7 4. Bg2 b6 5. O-O Bb7 6. c4 Ngf6 7. Nc3 a6 8. cxd5
Nxd5 9. Nxd5 Bxd5 10. Qd3 Nf6 11. Bg5 Be7 12. Ne5 Bxg2 13. Kxg2 h6 14. Bxf6
Bxf6 15. Nc6 Qd5+ 16. Qf3 Kd7 17. Rac1 Qxf3+ 18. Kxf3 a5 19. a4 Rhe8 20. Rfd1
Kc8 21. Ke4 Kb7 22. g4 Be7 23. f4 Bd6 24. h4 f5+ 25. Kf3 fxg4+ 26. Kxg4 Rf8 27.
Rf1 g5 28. hxg5 hxg5 29. Ne5 gxf4 30. Rxf4 Bxe5 31. dxe5 Rxf4+ 32. Kxf4 Rf8+
33. Ke4 Rd8 34. e3 Rd2 35. b3 c5 36. Rf1 Rd7 37. Rf6 Re7 38. Kd3 Kc6 39. Kc4
Re8 40. e4 Re7 41. Rf8 Rd7 42. Rc8+ Kb7 43. Re8 Rd4+ 44. Kc3 Rxe4 45. Rxe6 Kc7
46. Kd3 Rb4 47. Kc3 Re4 48. Kc2 Re3 1/2-1/2

[Event "Ì17Ï"]
[Site "Loo"]
[Date "2017.04.21"]
[Round "2.20"]
[White "Êîëèåâ, Èðëàí."]
[Black "Ìîèñååâ, Äàíèëà."]
[Result "1-0"]
[WhiteElo "1739"]
[BlackElo "2037"]
[PlyCount "85"]
[EventDate "2017.04.20"]

1. d4 d5 2. c4 e6 3. Nc3 c6 4. Nf3 f5 5. cxd5 exd5 6. Qc2 Nf6 7. Bg5 Be7 8. e3
O-O 9. Bd3 Ne4 10. Bxe7 Qxe7 11. O-O Nd7 12. Nd2 Rf6 13. Rae1 Rh6 14. f3 Nxd2
15. Qxd2 Qd6 16. g3 Nf6 17. Bb1 Be6 18. Ne2 Re8 19. Nf4 Bc8 20. Nd3 b6 21. Rc1
Ba6 22. Rfe1 Bxd3 23. Bxd3 Rf8 24. Bxf5 Nh5 25. e4 dxe4 26. fxe4 c5 27. d5 Qe5
28. Qc3 Qxc3 29. Rxc3 Rd8 30. a3 Rf6 31. b4 cxb4 32. axb4 Rxf5 33. exf5 Rxd5
34. Rc7 Nf6 35. Ree7 Kf8 36. Rf7+ Kg8 37. Rxg7+ Kh8 38. Rgf7 Rd6 39. Rc8+ Ng8
40. Rff8 h5 41. Rxg8+ Kh7 42. Rgd8 Rf6 43. Rh8+ 1-0

[Event "Ì17Ï"]
[Site "Loo"]
[Date "2017.04.21"]
[Round "2.21"]
[White "Íàóðáèåâ, Àõìåä."]
[Black "ßðîñëàâöåâ, Àðòåì."]
[Result "0-1"]
[WhiteElo "1707"]
[BlackElo "2022"]
[PlyCount "102"]
[EventDate "2017.04.20"]

1. d4 Nf6 2. c4 g6 3. Nc3 d5 4. cxd5 Nxd5 5. e4 Nxc3 6. bxc3 Bg7 7. Nf3 c5 8.
Be2 O-O 9. O-O cxd4 10. cxd4 Nc6 11. Be3 Bg4 12. e5 Qa5 13. Nd2 Bxe2 14. Qxe2
Rfd8 15. Nb3 Qd5 16. Rac1 Rac8 17. Rc5 Qd7 18. f4 b6 19. Rcc1 e6 20. Qb5 Ne7
21. Qxd7 Rxd7 22. Rxc8+ Nxc8 23. Rc1 Ne7 24. Nd2 Rd8 25. Kf2 Nd5 26. Ne4 Bf8
27. g4 Be7 28. Kf3 Kf8 29. Nc3 Ba3 30. Rb1 Nxc3 31. Rb3 Rc8 32. Rxa3 a5 33. Rb3
Rc6 34. Bd2 Nd5 35. a3 Rc2 36. Ke2 Ra2 37. Kd3 a4 38. Bb4+ Ke8 39. Rb1 Rxh2 40.
Rc1 Nxb4+ 41. axb4 a3 42. Kc4 h5 43. gxh5 gxh5 44. Kb5 a2 45. Kxb6 Rb2 46. Ra1
Rxb4+ 47. Kc5 Rb2 48. f5 Kd7 49. fxe6+ fxe6 50. d5 exd5 51. Kxd5 h4 0-1

[Event "Ì17Ï"]
[Site "Loo"]
[Date "2017.04.21"]
[Round "2.22"]
[White "Íîâèêîâ, Êèðèëë."]
[Black "Íóðèñòàíè, Èìàí."]
[Result "1/2-1/2"]
[WhiteElo "1763"]
[BlackElo "1998"]
[PlyCount "142"]
[EventDate "2017.04.20"]

1. e4 e6 2. d4 d5 3. Nc3 dxe4 4. Nxe4 Bd7 5. Nf3 Bc6 6. Bd3 Nd7 7. Qe2 Ngf6 8.
Bg5 Be7 9. Bxf6 Bxf6 10. O-O-O Bxe4 11. Bxe4 c6 12. g4 g6 13. h4 Qb6 14. g5 Bg7
15. h5 O-O-O 16. h6 Bf8 17. Rd3 Be7 18. Kb1 Qb5 19. Rc1 Nb6 20. Ne5 Rxd4 21.
Nxf7 Na4 22. c4 Rxe4 23. Qd2 Qxb2+ 24. Qxb2 Nxb2 25. Kxb2 Rf8 26. Nd6+ Bxd6 27.
Rxd6 Rxf2+ 28. Kc3 Rf3+ 29. Kb4 Kc7 30. Rcd1 Kb6 31. R1d3 Rxd3 32. Rxd3 Re5 33.
Rd7 Rxg5 34. Rxh7 c5+ 35. Ka4 Rg4 36. Re7 Rxc4+ 37. Kb3 Rb4+ 38. Kc3 Re4 39. h7
Rh4 40. Rxe6+ Kb5 41. Re7 Rh3+ 42. Kc2 Kc6 43. Rg7 g5 44. Rg6+ Kb5 45. Rg7 Ka6
46. Rxg5 c4 47. Rc5 Kb6 48. Rxc4 Rxh7 49. Kb3 Rh3+ 50. Kb2 a6 51. Rb4+ Kc6 52.
Rg4 Kc5 53. Rf4 Rd3 54. Rf7 b6 55. Rf5+ Rd5 56. Rf4 Rd4 57. Rf8 b5 58. Kc3 b4+
59. Kb3 Rd3+ 60. Kc2 Rc3+ 61. Kb2 Kb5 62. Rf5+ Ka4 63. Rf6 a5 64. Rf2 Re3 65.
Rg2 Rf3 66. Rh2 Rg3 67. Rf2 Rd3 68. Rg2 Kb5 69. Rg5+ Ka4 70. Rg2 Rd4 71. Rh2
Rd5 1/2-1/2

[Event "Ì17Ï"]
[Site "Loo"]
[Date "2017.04.21"]
[Round "2.23"]
[White "Òðåòüÿêîâ, Ñòåïàí."]
[Black "Åãîðîâ, Àëåêñåé."]
[Result "0-1"]
[WhiteElo "1995"]
[BlackElo "1776"]
[PlyCount "116"]
[EventDate "2017.04.20"]

1. d4 d5 2. c4 e6 3. Nc3 Nf6 4. cxd5 exd5 5. Bg5 Be7 6. e3 c6 7. Bd3 Nbd7 8.
Qc2 Nh5 9. Bxe7 Qxe7 10. Nge2 g6 11. O-O-O Nb6 12. Ng3 Nxg3 13. hxg3 Bd7 14.
Kb1 O-O-O 15. Na4 Nxa4 16. Qxa4 Kb8 17. Rc1 Qg5 18. Qb3 Bf5 19. Rh4 Bxd3+ 20.
Qxd3 f5 21. Qb3 Ka8 22. Qb4 Rd7 23. Rc3 Qf6 24. Rh1 g5 25. Rhc1 Rc8 26. Ra3 f4
27. Qc5 a6 28. gxf4 gxf4 29. b4 Rcc7 30. Qb6 fxe3 31. fxe3 Qf8 32. Rac3 Kb8 33.
Ra3 Kc8 34. Rac3 Rf7 35. Qa5 Rf1 36. Qa3 Rxc1+ 37. Rxc1 Rg7 38. Qb2 Qe7 39. Re1
Qe4+ 40. Qc2 Qxc2+ 41. Kxc2 Rxg2+ 42. Kb3 Rh2 43. a4 h5 44. b5 axb5 45. axb5
Kc7 46. bxc6 bxc6 47. Kc3 h4 48. Rg1 h3 49. Kd3 Rg2 50. Rf1 h2 51. Rf7+ Kd6 52.
Rh7 Ke6 53. e4 Rg3+ 54. Ke2 dxe4 55. Rxh2 Kd5 56. Rh6 Rc3 57. Kd2 Rd3+ 58. Ke2
Rxd4 0-1

[Event "Ì17Ï"]
[Site "Loo"]
[Date "2017.04.21"]
[Round "2.24"]
[White "Ëèïèëèí, Èëüÿ."]
[Black "Ãàâðèê, Àëåêñàíäð."]
[Result "0-1"]
[WhiteElo "1951"]
[BlackElo "1688"]
[PlyCount "102"]
[EventDate "2017.04.20"]

1. d4 d5 2. c4 c6 3. Nf3 Nf6 4. e3 Bf5 5. Nc3 e6 6. Nh4 Be4 7. f3 Bg6 8. Nxg6
hxg6 9. Qb3 Qc7 10. Bd2 Bd6 11. f4 Nbd7 12. Bd3 O-O-O 13. O-O-O Ng4 14. Rhf1
Rxh2 15. Be2 Ngf6 16. c5 Be7 17. Bf3 b6 18. cxb6 Nxb6 19. Kb1 Nc4 20. Be2 Rxg2
21. Bxc4 dxc4 22. Qxc4 Rh8 23. Bc1 Rhh2 24. Rd3 Qb6 25. Nd1 Qb5 26. Rc3 Qxc4
27. Rxc4 Kb7 28. Nc3 Nd5 29. Nxd5 cxd5 30. Rc3 Rh8 31. Rd1 Rc8 32. Rxc8 Kxc8
33. Rh1 g5 34. Rh8+ Bd8 35. fxg5 Rxg5 36. Bd2 Kd7 37. b4 Rg2 38. Kc2 g5 39. Kd3
g4 40. Rg8 g3 41. Be1 Bc7 42. a4 Ra2 43. a5 g2 44. Bd2 Bd6 45. b5 Bc7 46. Rg7
Bxa5 47. Bxa5 Rxa5 48. Rxg2 Ra3+ 49. Ke2 Ra2+ 50. Kf3 Rxg2 51. Kxg2 Kc7 0-1

[Event "Ì17Ï"]
[Site "Loo"]
[Date "2017.04.21"]
[Round "2.25"]
[White "Êàðåëîâ, Ïàâåë."]
[Black "Öóðöóìèÿ, Ðóñëàí."]
[Result "0-1"]
[WhiteElo "1969"]
[BlackElo "1548"]
[PlyCount "46"]
[EventDate "2017.04.20"]

1. c4 Nf6 2. Nc3 g6 3. g3 Bg7 4. Bg2 O-O 5. e3 c6 6. Nge2 d5 7. cxd5 cxd5 8. d4
e6 9. O-O Nc6 10. Nf4 b6 11. Re1 Re8 12. Bd2 a5 13. Rc1 Bb7 14. Bf1 e5 15. dxe5
Nxe5 16. Nb5 d4 17. Nxd4 g5 18. Nd3 Qd5 19. f3 Neg4 20. Nf2 Nxf2 21. Kxf2 Ng4+
22. fxg4 Bxd4 23. Bc4 Qg2# 0-1

[Event "Ì17Ï"]
[Site "Loo"]
[Date "2017.04.21"]
[Round "2.26"]
[White "Êóðáàíîâ, Íàðèìàí."]
[Black "Ñîêîëîâ, Íèêèòà."]
[Result "0-1"]
[WhiteElo "1614"]
[BlackElo "2049"]
[PlyCount "50"]
[EventDate "2017.04.20"]

1. e4 c5 2. Nf3 d6 3. d4 cxd4 4. Nxd4 Nf6 5. Nc3 a6 6. Be2 e5 7. Nb3 Be6 8. Be3
Be7 9. f3 O-O 10. Qd2 d5 11. exd5 Nxd5 12. Nxd5 Bxd5 13. O-O-O Bc6 14. Qc3 Nd7
15. Nc5 Bxc5 16. Bxc5 Re8 17. h4 Rc8 18. Qe3 Qa5 19. Ba3 e4 20. f4 Nf6 21. h5
Ba4 22. b3 Nd5 23. Qg3 Nc3 24. Bg4 f5 25. Rd7 Bxd7 0-1

[Event "Ì17Ï"]
[Site "Loo"]
[Date "2017.04.21"]
[Round "2.27"]
[White "Ãîãè÷åâ, Ãåîðãèé."]
[Black "Ôîìè÷åâ, Èëüÿ."]
[Result "0-1"]
[WhiteElo "1869"]
[BlackElo "1648"]
[PlyCount "86"]
[EventDate "2017.04.20"]

1. d4 d5 2. c4 e6 3. Nf3 Nf6 4. Nc3 Be7 5. e3 O-O 6. Bd3 Nbd7 7. O-O dxc4 8.
Bxc4 a6 9. a4 c5 10. Qe2 cxd4 11. exd4 Nb6 12. Bd3 a5 13. Rd1 Nbd7 14. Ne5 Re8
15. Bc4 Qb6 16. Bb5 Rd8 17. Bf4 Nxe5 18. Bxe5 Bd7 19. Rd3 Bxb5 20. Nxb5 Nd5 21.
Rh3 Bf6 22. Qh5 h6 23. Rf3 Rac8 24. g4 Rd7 25. h4 Bxe5 26. Qxe5 Nc7 27. Rc1 f6
28. Qg3 e5 29. dxe5 Rcd8 30. Rxc7 Rxc7 31. Nxc7 Qxc7 32. exf6 Qc1+ 33. Kh2 Qxb2
34. f7+ Kf8 35. Qc7 Qd4 36. Qxa5 Qd6+ 37. Kg2 Qd4 38. Kg3 Qd6+ 39. Kg2 Qd4 40.
Qf5 b6 41. Kh3 Qd1 42. Qf4 Qh1+ 43. Qh2 Qxf3+ 0-1

[Event "Ì17Ï"]
[Site "Loo"]
[Date "2017.04.21"]
[Round "2.28"]
[White "Öîïàíîâ, Ìèõàèë."]
[Black "Ãåòüìàí, Äìèòðèé."]
[Result "1-0"]
[WhiteElo "1586"]
[BlackElo "1863"]
[PlyCount "95"]
[EventDate "2017.04.20"]

1. c4 c5 2. Nc3 Nc6 3. g3 g6 4. Bg2 Bg7 5. e3 d6 6. Nge2 Bg4 7. O-O Bxe2 8.
Nxe2 Nf6 9. a3 O-O 10. d4 Qb6 11. Rb1 Ne8 12. dxc5 dxc5 13. Nf4 e6 14. Bd2 Rd8
15. Qc2 Qc7 16. Rfd1 b6 17. b4 cxb4 18. axb4 Ne5 19. c5 Rc8 20. h4 Nd6 21. Nd3
Rfd8 22. Nxe5 Bxe5 23. Rbc1 Nb7 24. Qe4 Nxc5 25. bxc5 bxc5 26. Ba5 Rxd1+ 27.
Rxd1 Qxa5 28. Qxe5 Qb4 29. h5 c4 30. h6 Qf8 31. Bb7 Re8 32. Bc6 Rc8 33. Bb7 Re8
34. Rc1 Qxh6 35. Rxc4 Rd8 36. Bf3 Qf8 37. Rc7 a6 38. Qf6 Rb8 39. Bc6 Rc8 40.
Qe5 Qd8 41. Rd7 Qb6 42. Qf6 Rf8 43. Bf3 a5 44. Re7 a4 45. Bg4 Qb1+ 46. Kh2 h5
47. Bxe6 Qe1 48. Bxf7+ 1-0

[Event "Ì17Ï"]
[Site "Loo"]
[Date "2017.04.21"]
[Round "2.29"]
[White "Øóøàêîâ, Àíäðåé."]
[Black "Ôîøåíêî, Êèðèëë."]
[Result "0-1"]
[WhiteElo "1558"]
[BlackElo "1849"]
[PlyCount "86"]
[EventDate "2017.04.20"]

1. e4 e6 2. d4 d5 3. e5 c5 4. c3 Qb6 5. Nf3 Nc6 6. Bd3 cxd4 7. cxd4 Bd7 8. O-O
Nxd4 9. Nxd4 Qxd4 10. Nc3 a6 11. g3 Qa7 12. Qg4 g6 13. Be3 Bc5 14. Bg5 Bd4 15.
Qf3 Bxe5 16. Nxd5 Bc6 17. Bc4 Qd4 18. Bb3 Bxd5 19. Bxd5 Qxd5 20. Qxd5 exd5 21.
Rfe1 f6 22. Bxf6 Nxf6 23. f4 Kd7 24. fxe5 Ne4 25. Rad1 Ke6 26. Rd3 Kxe5 27. Rb3
b5 28. a4 Rhb8 29. axb5 Rxb5 30. Rc3 Ra7 31. Rc2 Rab7 32. Rc6 R5b6 33. Rc8 Rxb2
34. Re8+ Kd4 35. Rd1+ Rd2 36. Rxe4+ dxe4 37. Rxd2+ Kc3 38. Re2 Kd3 39. Ra2 Rb6
40. Ra3+ Kc2 41. Kf2 Kb2 42. Ra5 Re6 43. Ke3 Kb3 {äàëåå çàïèñü íåðàçáîð~~èâà}
0-1

[Event "Ì17Ï"]
[Site "Loo"]
[Date "2017.04.21"]
[Round "2.30"]
[White "Íèêèòèí, Ãåîðãèé."]
[Black "Ìóðàòîâ, Ìàêñèì."]
[Result "1-0"]
[WhiteElo "1847"]
[BlackElo "1581"]
[PlyCount "67"]
[EventDate "2017.04.20"]

1. d4 Nf6 2. c4 c5 3. d5 b5 4. cxb5 a6 5. bxa6 Bxa6 6. Nc3 g6 7. e4 Bxf1 8.
Kxf1 d6 9. Nf3 Bg7 10. g3 Nbd7 11. h3 O-O 12. Kg2 Nb6 13. Qe2 Qd7 14. Bd2 Na4
15. b3 Nxe4 16. Nxe4 Bxa1 17. Rxa1 Nb6 18. Bh6 Rfb8 19. Qb2 f6 20. Rd1 Qf5 21.
Nc3 Nc4 22. Qe2 Ne5 23. Nxe5 Qxe5 24. Qd2 Rb4 25. Re1 Qh5 26. Rxe7 g5 27. Bg7
Qg6 28. Qe2 f5 29. Qe6+ Qxe6 30. dxe6 Rd4 31. Bxd4 cxd4 32. Nd5 d3 33. Nf6+ Kf8
34. Rf7# 1-0

[Event "Ì17Ï"]
[Site "Loo"]
[Date "2017.04.21"]
[Round "2.31"]
[White "Êîêóåâ, Èëüÿ."]
[Black "Äàâèäåíêî, Äìèòðèé."]
[Result "0-1"]
[WhiteElo "1548"]
[BlackElo "1839"]
[PlyCount "68"]
[EventDate "2017.04.20"]

1. e4 d5 2. exd5 Qxd5 3. Nc3 Qa5 4. Nf3 Nf6 5. Be2 Bg4 6. h3 Bh5 7. a3 e6 8.
O-O c6 9. d4 Bd6 10. Bd2 Qc7 11. Re1 O-O 12. b4 Nbd7 13. b5 c5 14. a4 Bxf3 15.
Bxf3 cxd4 16. Ne2 e5 17. c3 e4 18. Bg4 Nxg4 19. hxg4 d3 20. Nd4 Nc5 21. Nb3
Rfe8 22. Nxc5 Bxc5 23. g5 Qg3 24. Be3 Bxe3 25. Rxe3 Qxg5 26. Rg3 Qf4 27. Rg4
Qf5 28. Rg3 Re6 29. Qd2 Qc5 30. Re3 Rc8 31. Rae1 Qxc3 32. Qxc3 Rxc3 33. Rxe4 d2
34. Rxe6 fxe6 0-1

[Event "Ì17Ï"]
[Site "Loo"]
[Date "2017.04.21"]
[Round "2.32"]
[White "Ìîðîçîâ, Âàëåðèé."]
[Black "Ìóðàâüåâ, Ìàêñèì."]
[Result "1-0"]
[WhiteElo "1836"]
[BlackElo "1546"]
[PlyCount "41"]
[EventDate "2017.04.20"]

1. d4 Nf6 2. Nf3 g6 3. c4 d6 4. g3 Bg7 5. Bg2 c6 6. O-O O-O 7. Nc3 Nbd7 8. Bf4
Nh5 9. Bg5 h6 10. Be3 Nb6 11. Qb3 Qc7 12. Rfd1 Be6 13. d5 Bd7 14. dxc6 bxc6 15.
c5 Be6 16. cxb6 Bxb3 17. bxc7 Bxd1 18. Rxd1 Rfc8 19. Nd4 d5 20. Nxc6 Rxc7 21.
Nxd5 1-0

[Event "Ì17Ï"]
[Site "Loo"]
[Date "2017.04.21"]
[Round "2.33"]
[White "Ïåòðîâñêèé, Àíäðåé."]
[Black "Ñàòäàðîâ, Ìèõàèë."]
[Result "1-0"]
[WhiteElo "1780"]
[BlackElo "1496"]
[PlyCount "45"]
[EventDate "2017.04.20"]

1. e4 c5 2. Nc3 Nc6 3. f4 e6 4. Nf3 d5 5. e5 Be7 6. Bb5 Bd7 7. O-O a6 8. Bxc6
Bxc6 9. d3 Qb6 10. Qe1 Nh6 11. a3 Nf5 12. Qf2 O-O 13. h3 Bd8 14. g4 Ne7 15. Ne2
Rc8 16. Ng3 Bd7 17. Rb1 d4 18. Ne4 Bc7 19. Qh4 Ng6 20. Qh5 f5 21. Nfg5 h6 22.
Qxg6 hxg5 23. Nf6+ 1-0

[Event "Ì17Ï"]
[Site "Loo"]
[Date "2017.04.21"]
[Round "2.34"]
[White "Ìèøèí, Ñàâåëèé."]
[Black "Ëåîíîâ, Êèðèëë."]
[Result "0-1"]
[WhiteElo "1377"]
[BlackElo "1755"]
[PlyCount "52"]
[EventDate "2017.04.20"]

1. d4 d5 2. f4 e6 3. Nf3 Nf6 4. c3 Be7 5. e3 Nbd7 6. Bd3 c5 7. Nbd2 O-O 8. Ne5
Re8 9. O-O Nf8 10. Rf3 Ng6 11. Rh3 c4 12. Bc2 Bd6 13. Qf3 Nd7 14. e4 Ndxe5 15.
fxe5 Be7 16. Qf1 b5 17. Rf3 Rf8 18. b3 Qb6 19. Kh1 a5 20. a4 cxb3 21. Bxb3 bxa4
22. Bxa4 dxe4 23. Nxe4 Bb7 24. Re3 Rac8 25. Qe1 Rc4 26. Nd2 Rxa4 0-1

[Event "Ì17Ï"]
[Site "Loo"]
[Date "2017.04.21"]
[Round "2.35"]
[White "Êóðèíîâ, Þðèé."]
[Black "Êîëõèäîâ, Àçàìàò."]
[Result "0-1"]
[WhiteElo "1254"]
[BlackElo "1712"]
[PlyCount "100"]
[EventDate "2017.04.20"]

1. e4 c5 2. Nf3 g6 3. d4 Bg7 4. c4 cxd4 5. Nxd4 Nf6 6. Nc3 d6 7. Be2 Nc6 8. Be3
Bd7 9. O-O O-O 10. Rc1 a6 11. f3 Rc8 12. Qd2 Nxd4 13. Bxd4 Bc6 14. Nd5 Bxd5 15.
cxd5 Qd7 16. Bb6 e6 17. Bd4 exd5 18. exd5 b5 19. Bxf6 Bxf6 20. b3 Qf5 21. Rc6
Rxc6 22. dxc6 Qc5+ 23. Kh1 Qxc6 24. Rd1 Re8 25. g3 Qc3 26. Qxc3 Bxc3 27. Bd3
Bb4 28. Be4 Re7 29. Kg2 Bc5 30. Kf1 Kg7 31. Re1 f5 32. Bd5 Rxe1+ 33. Kxe1 Kf6
34. h3 Ke5 35. Bb7 a5 36. Bc6 b4 37. g4 f4 38. Be4 d5 39. Bc2 Be3 40. Ke2 Kd4
41. Bd3 Kc3 42. Bb5 d4 43. Bc4 h6 44. Bd3 g5 45. Bc4 a4 46. Bd5 d3+ 47. Kd1 a3
48. Bc4 d2 49. Bf1 Kb2 50. Be2 Kb1 0-1